OXFORD HB. OF EMERGENCY MEDICINE (Record no. 30860)

MARC details
000 -LEADER
fixed length control field 00353nam a22001577a 4500
003 - CONTROL NUMBER IDENTIFIER
control field SGT
020 ## - INTERNATIONAL STANDARD BOOK NUMBER
International Standard Book Number 9780198816317
082 ## - DEWEY DECIMAL CLASSIFICATION NUMBER
Classification number 616.025
Item number O20W
100 ## - MAIN ENTRY--PERSONAL NAME
Personal name WYATT, JONATHAN P.
245 ## - TITLE STATEMENT
Title OXFORD HB. OF EMERGENCY MEDICINE
250 ## - EDITION STATEMENT
Edition statement 5TH
260 ## - PUBLICATION, DISTRIBUTION, ETC. (IMPRINT)
Place of publication, distribution, etc UK
Name of publisher, distributor, etc OXFORD PUB
Year of Publication 2020
300 ## - PAGE DESCRIPTION
No. of Pages 779
650 ## - SUBJECT ADDED ENTRY--TOPICAL TERM
Topical term or geographic name as entry element EMERGENCY MEDICINE
942 ## - ADDED ENTRY ELEMENTS (KOHA)
Source of classification or shelving scheme Dewey Decimal Classification
Koha item type Books
Holdings
Withdrawn status Lost status Source of classification or shelving scheme Damaged status Not for loan Collection code Home library Current library Shelving location Date acquired Vendor Name Cost, normal purchase price SGTU Bill Number Full call number Accession No. (Barcode) Date last seen Bill Date Koha item type Total Checkouts
    Dewey Decimal Classification   Not For Loan MEDICAL SGT Medical Library SGT Medical Library Reference Book 23/03/2025 ABC DELHI 870.00 SGTU 20800 616.025 O20W FM15146 16/04/2025 23/03/2025 Books  
    Dewey Decimal Classification     MEDICAL SGT Medical Library SGT Medical Library Text Book 23/03/2025 ABC DELHI 870.00 SGTU 20800 616.025 O20W FM15147 16/04/2025 23/03/2025 Books  
    Dewey Decimal Classification     MEDICAL SGT Medical Library SGT Medical Library Text Book 23/03/2025 ABC DELHI 870.00 SGTU 20800 616.025 O20W FM15148 16/04/2025 23/03/2025 Books